000
00306nam a22001337a 4500
008
170614b xxu||||| |||| 00| 0 eng d
020
_a
0393609900093
041
_a
eng
080
_a
32
100
_a
19
101
_a
SHP
245
_a
PRESERVING THE GLOBAL ENVIRONMENT
_c
TUCHMAN.J
942
_2
udc
_c
BK
999
_c
17243
_d
17243